书目信息 |
| 题名: |
不动产登记工作手册
|
|
| 作者: | ;自然资源部自然资源确权登记局 , 自然资源部不动产登记中心 编 | |
| 分册: | ||
| 出版信息: | 北京 中国大地出版社 2021.10 |
|
| 页数: | 11, 739页 | |
| 开本: | 23cm | |
| 丛书名: | ||
| 单 册: | ||
| 中图分类: | D923.2-62 | |
| 科图分类: | ||
| 主题词: | 不动产--bu dong chan--产权登记--中国--手册 | |
| 电子资源: | ||
| ISBN: | 978-7-5200-0865-5 | |
| 000 | 00999nam0 2200241 450 | |
| 001 | 011025154505 | |
| 005 | 20221025154505.0 | |
| 010 | @a978-7-5200-0865-5@dCNY128.00 | |
| 100 | @a20201004e20222021em y0chiy0120 ea | |
| 101 | 0 | @achi |
| 102 | @aCN@b110000 | |
| 105 | @ay z 000yy | |
| 106 | @ar | |
| 200 | 1 | @a不动产登记工作手册@Abu dong chan deng ji gong zuo shou ce@f自然资源部自然资源确权登记局, 自然资源部不动产登记中心编 |
| 205 | @a第2版 | |
| 210 | @a北京@c中国大地出版社@d2021.10@h2022.02 | |
| 215 | @a11, 739页@d23cm | |
| 330 | @a本书对不动产登记的法律法规,中共中央、国务院文件,部门规章及规范性文件,以及一些重要的解释和函复进行了梳理和分类,形成了工作手册。 | |
| 606 | 0 | @a不动产@Abu dong chan@x产权登记@y中国@j手册 |
| 690 | @aD923.2-62@v5 | |
| 711 | 02 | @a自然资源部自然资源确权登记局@Azi ran zi yuan bu zi ran zi yuan que quan deng ji ju@4编 |
| 711 | 02 | @a自然资源部不动产登记中心@Azi ran zi yuan bu bu dong chan deng ji zhong xin@4编 |
| 905 | @a河南城建学院图书馆@dD923.2-62@eZ957 | |
| 不动产登记工作手册/自然资源部自然资源确权登记局, 自然资源部不动产登记中心编.-第2版.-北京:中国大地出版社,2021.10(2022.02) |
| 11, 739页;23cm |
| ISBN 978-7-5200-0865-5:CNY128.00 |
| 本书对不动产登记的法律法规,中共中央、国务院文件,部门规章及规范性文件,以及一些重要的解释和函复进行了梳理和分类,形成了工作手册。 |
| ● |
| 相关链接 |
|
|
|
正题名:不动产登记工作手册
索取号:D923.2-62/Z957
 
预约/预借
| 序号 | 登录号 | 条形码 | 馆藏地/架位号 | 状态 | 备注 |
| 1 | 1590434 | 215904341 | 社科库509/509社科库 92排1列6层/ [索取号:D923.2-62/Z957] | 在馆 |